000 00524nam a2200193Ia 4500
008 131103s9999 xx 000 0 und d
020 _a0 7485 3454 7
040 _aLoreto College
041 _aEnglish
082 _aREF
_bLCBED/11761
100 _aEliot. George
245 4 _aThe great writers
_b their lives, works and isspiration
_cGeorge Eliot.
260 _aLondon
_bMarshall Cavendish
_c1986
300 _a48p.
_b ill.
_c 26cm.
650 _aEliot. George
651 _aREF
850 _aLCBED/REF
942 _cBK
999 _c33411
_d83890